000 00598nam a2200181 i 4500
001 38985
003 ES-MaACL
005 20250723061828.0
007 t|
008 030226s1895 sp ||||1| spa d
100 1 _aCalvo y Madroño, Ismael.
_933924
245 1 0 _aPrograma de instituciones de derecho romano según el orden de las de Justiniano /
_cIsmael Calvo y Madroño.
260 _aMadrid :
_b[s.n.],
_c1895 (
_fImp. de J. Góngora y Álvarez)
300 _a72 p. ;
_c20 cm.
650 0 7 _aDerecho romano
_2embne
_911764
852 _aES-MaACL
_jT-887-F-4
999 _c38985
_d38985